Vista normal
Vista MARC
Entrada Personal Name
Número de registros utilizados en: 1
001 - CONTROL NUMBER
- control field: 9647
003 - CONTROL NUMBER IDENTIFIER
- control field: DLC
005 - DATE AND TIME OF LATEST TRANSACTION
- control field: 20220509095852.0
008 - FIXED-LENGTH DATA ELEMENTS
- fixed length control field: 800730n| azannaabn |a aaa
010 ## - LIBRARY OF CONGRESS CONTROL NUMBER
- LC control number: n 80046293
- Canceled/invalid LC control number: n 89648982
035 ## - SYSTEM CONTROL NUMBER
- System control number: (OCoLC)oca00428250
040 ## - CATALOGING SOURCE
- Original cataloging agency: DLC
- Language of cataloging: spa
- Description conventions: rda
- Transcribing agency: Mx-PuUPA
- Modifying agency: DLC
- Modifying agency: PSt
- Modifying agency: Mx-PuUPA
046 ## - SPECIAL CODED DATES
- Birth date: 19301005
- Source of date scheme: edtf
- Death date: 20120612
100 1# - HEADING--PERSONAL NAME
- Personal name: Kuo, Benjamin C.,
- Dates associated with a name: 1930-2012
370 ## - ASSOCIATED PLACE
- Place of birth: Harbin, China
- Place of death: Champaign, Illinois, Estados Unidos
372 ## - FIELD OF ACTIVITY
- Field of activity: Control automático
- Field of activity: Teoría de control
- Source of term: lcsh
373 ## - ASSOCIATED GROUP
- Associated group: Universidad de Illinois en Urbana-Champaign. Departamento de Ingeniería Eléctrica e Informática
- Source of term: naf
374 ## - OCCUPATION
- Occupation: Profesor universitario
- Occupation: Autor
- Source of term: lcsh
375 ## - GENDER
- Gender: hombre
377 ## - ASSOCIATED LANGUAGE
- Language code: eng
400 1# - SEE FROM TRACING--PERSONAL NAME
- Personal name: Kuo, Chung-i,
- Dates associated with a name: 1930-2012
400 1# - SEE FROM TRACING--PERSONAL NAME
- Personal name: Kuo, Tsung-i,
- Dates associated with a name: 1930-2012
400 1# - SEE FROM TRACING--PERSONAL NAME
- Personal name: Kuo, B. C.
- Fuller form of name: (Benjamin C.),
- Dates associated with a name: 1930-2012
670 ## - SOURCE DATA FOUND
- Source citation: His Nonlinear feedback control systems with sampled data, 1958.
670 ## - SOURCE DATA FOUND
- Source citation: His Automatic control systems, 1991:
- Information found: CIP title page (Benjamin C. Kuo, Dept. of Electrical & Computer Eng., U of Ill., Urbana-Champaign) galley (B.C. Kuo)
670 ## - SOURCE DATA FOUND
- Source citation: nuc89-80933: Incremental motion control systems and devices, c1984
- Information found: (hdg. on AzU rept.: Kuo, B.C.; usage: B.C. Kuo)
670 ## - SOURCE DATA FOUND
- Source citation: Sistemas de control digital, 2007
- Information found: portada (Benjamin C. Kuo)